| Tag |
First Indicator |
Second Indicator |
Subfields |
| LEADER |
00000cam a2200000 4500 |
| 001 |
in00000068105 |
| 005 |
20151008051336.0 |
| 008 |
770723s1961 ne b 00000 eng |
| 010 |
|
|
|a 62004739
|
| 035 |
|
|
|a (OCoLC)03136102
|
| 035 |
|
|
|9 AAG7301AM
|
| 040 |
|
|
|a DLC
|c OCP
|d TXA
|d UtOrBLW
|
| 049 |
|
|
|a TXAM
|c [348089]
|
| 050 |
|
0 |
|a HC240
|b .S75
|
| 082 |
0 |
|
|a 338.914
|
| 092 |
|
|
|a 338.914
|b S915e
|
| 100 |
1 |
|
|a Streeten, Paul.
|
| 245 |
1 |
0 |
|a Economic integration :
|b aspects and problems.
|
| 264 |
|
1 |
|a Leyden :
|b A. W. Sythoff,
|c 1961.
|
| 300 |
|
|
|a 150 pages :
|b illustrations ;
|c 24 cm.
|
| 336 |
|
|
|a text
|b txt
|2 rdacontent
|
| 337 |
|
|
|a unmediated
|b n
|2 rdamedia
|
| 338 |
|
|
|a volume
|b nc
|2 rdacarrier
|
| 490 |
0 |
|
|a European aspects: a collection of studies relating to European integration. Series B: Economics, no. 5
|
| 504 |
|
|
|a Includes bibliography.
|
| 650 |
|
0 |
|a International economic integration.
|
| 651 |
|
0 |
|a Europe
|x Economic policy.
|
| 999 |
|
|
|a MARS
|
| 999 |
f |
f |
|s ec47e0b6-d649-304d-82e1-90c2ff3204dc
|i 584b33da-4178-39af-baa2-0f3cbdbaac6a
|t 0
|
| 952 |
f |
f |
|p ric
|a Texas A&M University
|b Rellis Campus
|c Joint Library Facility
|d Remote Storage
|t 0
|e HC240 .S75
|h Library of Congress classification
|i unmediated -- volume
|m A14800773749
|
| 998 |
f |
f |
|a HC240 .S75
|t 0
|l Remote Storage
|